Bundesstaaten, Territorien und Außengebiete Australiens - Statistiken

Allgemein
  • Dieses Quiz wurde 97 mal gespielt
  • Das Durchschnittsergebnis liegt bei 6 aus 16
Antwortstatistiken
Hint Antwort % Korrekt
Bundesstaat Tasmanien
82%
Bundesstaat New South Wales
78%
Bundesstaat Queensland
73%
Bundesstaat Victoria
66%
Bundesstaat Western Australia
65%
Bundesstaat South Australia
61%
Territorium Northern Territory
51%
Region Weihnachtsinsel
23%
Territorium Australian Capital Territory
20%
Region Norfolkinsel
14%
Region Kokosinseln
12%
Region Heard und McDonaldinseln
9%
Region Korallenmeerinseln
5%
Region Ashmore- und Cartierinseln
4%
Region Australisches Antarktis-Territorium
4%
Territorium Jervis Bay Territory
4%
Keine übereinstimmenden Quizze gefunden
Verteilung der Resultate
Anzahl Personen mit jedem Resultat
Perzentil nach korrekt beantworteten Fragen
Ihre Resultats-Entwicklung
Sie haben dieses Quiz noch nicht gespielt